<?xml version="1.0" encoding="UTF-8"?>
<record
    xmlns:xsi="http://www.w3.org/2001/XMLSchema-instance"
    xsi:schemaLocation="http://www.loc.gov/MARC21/slim http://www.loc.gov/standards/marcxml/schema/MARC21slim.xsd"
    xmlns="http://www.loc.gov/MARC21/slim">

  <leader>01307nam a2200217Ia 4500</leader>
  <controlfield tag="003">OSt</controlfield>
  <controlfield tag="005">20251211162430.0</controlfield>
  <controlfield tag="008">210707s1983    xx            000 0 und d</controlfield>
  <datafield tag="040" ind1=" " ind2=" ">
    <subfield code="c">AL</subfield>
  </datafield>
  <datafield tag="041" ind1=" " ind2=" ">
    <subfield code="a">Kannada</subfield>
  </datafield>
  <datafield tag="082" ind1=" " ind2=" ">
    <subfield code="a">K894.1 GOVG</subfield>
  </datafield>
  <datafield tag="100" ind1=" " ind2=" ">
    <subfield code="a">GOVINDA PAI</subfield>
    <subfield code="d">&#xC97;&#xCCB;&#xCB5;&#xCBF;&#xC82;&#xCA6; &#xCAA;&#xCC8;</subfield>
    <subfield code="9">248905</subfield>
  </datafield>
  <datafield tag="245" ind1=" " ind2=" ">
    <subfield code="a">Golgotha mattu Vaishali.</subfield>
    <subfield code="b">&#xC97;&#xCCA;&#xCB2;&#xCCD;&#xC97;&#xCCA;&#xCA5;&#xCBE; &#xCAE;&#xCA4;&#xCCD;&#xCA4;&#xCC1; &#xCB5;&#xCC8;&#xCB6;&#xCBE;&#xCB2;&#xCBF;</subfield>
  </datafield>
  <datafield tag="260" ind1=" " ind2=" ">
    <subfield code="a">Bangaluru</subfield>
    <subfield code="b">Vishva Kannada Sammelana</subfield>
    <subfield code="c">1983</subfield>
  </datafield>
  <datafield tag="300" ind1=" " ind2=" ">
    <subfield code="a">96 p</subfield>
  </datafield>
  <datafield tag="365" ind1=" " ind2=" ">
    <subfield code="b">2</subfield>
    <subfield code="c">INR</subfield>
  </datafield>
  <datafield tag="520" ind1=" " ind2=" ">
    <subfield code="a">'&#xC97;&#xCCA;&#xCB2;&#xCCD;&#xC97;&#xCCA;&#xCA5;&#xCBE; &#xCAE;&#xCA4;&#xCCD;&#xCA4;&#xCC1; &#xCB5;&#xCC8;&#xCB6;&#xCBE;&#xCB2;&#xCBF;' &#xC8E;&#xC82;&#xCAC;&#xCC1;&#xCA6;&#xCC1; &#xCB0;&#xCBE;&#xCB7;&#xCCD;&#xC9F;&#xCCD;&#xCB0;&#xC95;&#xCB5;&#xCBF; &#xCAE;&#xC82;&#xC9C;&#xCC7;&#xCB6;&#xCCD;&#xCB5;&#xCB0; &#xC97;&#xCCB;&#xCB5;&#xCBF;&#xC82;&#xCA6; &#xCAA;&#xCC8; &#xC85;&#xCB5;&#xCB0;&#xCC1; &#xCB0;&#xC9A;&#xCBF;&#xCB8;&#xCBF;&#xCA6; &#xC8E;&#xCB0;&#xCA1;&#xCC1; &#xCB6;&#xCCD;&#xCB0;&#xCC7;&#xCB7;&#xCCD;&#xCA0; &#xC96;&#xC82;&#xCA1;&#xC95;&#xCBE;&#xCB5;&#xCCD;&#xCAF;&#xC97;&#xCB3; (Epic Fragments) &#xCB8;&#xC82;&#xCAF;&#xCCB;&#xC9C;&#xCBF;&#xCA4; &#xC95;&#xCC3;&#xCA4;&#xCBF;&#xCAF;&#xCBE;&#xC97;&#xCBF;&#xCA6;&#xCCD;&#xCA6;&#xCC1;, '&#xC97;&#xCCA;&#xCB2;&#xCCD;&#xC97;&#xCCA;&#xCA5;&#xCBE;' &#xCAF;&#xCC7;&#xCB8;&#xCC1;&#xCB5;&#xCBF;&#xCA8; &#xCB6;&#xCBF;&#xCB2;&#xCC1;&#xCAC;&#xCC6;&#xC97;&#xCC7;&#xCB0;&#xCBF;&#xCB8;&#xCC1;&#xCB5;&#xCBF;&#xC95;&#xCC6;&#xCAF; &#xC95;&#xCA5;&#xCC6;&#xCAF;&#xCBE;&#xCA6;&#xCB0;&#xCC6;, '&#xCB5;&#xCC8;&#xCB6;&#xCBE;&#xCB2;&#xCBF;'&#xCAF;&#xCC1; &#xCAC;&#xCC1;&#xCA6;&#xCCD;&#xCA7;&#xCA8; &#xC95;&#xCBE;&#xCB2;&#xCA6; &#xC98;&#xC9F;&#xCA8;&#xCC6;&#xC97;&#xCB3;&#xCA8;&#xCCD;&#xCA8;&#xCC1; &#xC86;&#xCA7;&#xCB0;&#xCBF;&#xCB8;&#xCBF;&#xCA6;&#xCC6;, &#xC87;&#xCB5;&#xCC6;&#xCB0;&#xCA1;&#xCC2; &#xCAA;&#xCC8;&#xC97;&#xCB3; &#xCB8;&#xCBE;&#xCB9;&#xCBF;&#xCA4;&#xCCD;&#xCAF; &#xCB8;&#xCBE;&#xCA7;&#xCA8;&#xCC6;&#xCAF;&#xCA8;&#xCCD;&#xCA8;&#xCC1; &#xC8E;&#xCA4;&#xCCD;&#xCA4;&#xCBF; &#xCA4;&#xCCB;&#xCB0;&#xCBF;&#xCB8;&#xCC1;&#xCA4;&#xCCD;&#xCA4;&#xCB5;&#xCC6;</subfield>
  </datafield>
  <datafield tag="563" ind1=" " ind2=" ">
    <subfield code="a">PB</subfield>
  </datafield>
  <datafield tag="650" ind1=" " ind2=" ">
    <subfield code="a">Kannada Poetry</subfield>
    <subfield code="9">248906</subfield>
  </datafield>
  <datafield tag="942" ind1=" " ind2=" ">
    <subfield code="2">ddc</subfield>
    <subfield code="c">BK</subfield>
  </datafield>
  <datafield tag="999" ind1=" " ind2=" ">
    <subfield code="c">180115</subfield>
    <subfield code="d">180115</subfield>
  </datafield>
  <datafield tag="952" ind1=" " ind2=" ">
    <subfield code="0">0</subfield>
    <subfield code="1">0</subfield>
    <subfield code="2">ddc</subfield>
    <subfield code="4">0</subfield>
    <subfield code="7">0</subfield>
    <subfield code="8">KAN</subfield>
    <subfield code="a">AL</subfield>
    <subfield code="b">AL</subfield>
    <subfield code="d">2003-01-21</subfield>
    <subfield code="g">2.00</subfield>
    <subfield code="l">0</subfield>
    <subfield code="o">K894.1 GOVG</subfield>
    <subfield code="p">BB04017</subfield>
    <subfield code="r">2021-07-08 00:00:00</subfield>
    <subfield code="w">2021-07-08</subfield>
    <subfield code="y">BB</subfield>
  </datafield>
</record>
